000 00730nam a2200229 a 4500
001 13855
003 BD-JhCC
005 20240423124908.0
008 181026b2021 bg |||| ||a| 000 0 ben d
020 _a9789849333593
035 _a(BD-JhCC)13855
040 _aBD-JhCC
_dBD-JhCC
041 _abengali
082 _a650.1
_bMON 2021
100 _a মনোজ, মেজর আহমদ মুক্তাদা
245 _a দি অনার কোড /
_cমেজর আহমদ মুক্তাদা মনোজ (অব:) ।
_b
260 _aঢাকা:
_bরাওয়া;
_c2021.
300 _a336 p. :
_c22 cm.
650 _aProfessional memories and experiences.
942 _2ddc
_cBK
999 _c13855
_d13855